Digital cordless telephones and PCN (Record no. 40160)

MARC details
000 -LEADER
fixed length control field 00565nam a2200145 a 4500
008 - FIXED-LENGTH DATA ELEMENTS--GENERAL INFORMATION
fixed length control field 120416s0000 ||||||||||||||||| || u
020 ## - INTERNATIONAL STANDARD BOOK NUMBER
International Standard Book Number 0863532187
050 ## - LIBRARY OF CONGRESS CALL NUMBER
Classification number TK 6570.M6 Con
245 10 - TITLE STATEMENT
Title Digital cordless telephones and PCN
246 ## - VARYING FORM OF TITLE
Title proper/short title proceedings of the conference held in London, May, 1990
260 ## - PUBLICATION, DISTRIBUTION, ETC.
Place of publication, distribution, etc. London
Name of publisher, distributor, etc. Blenheim Online
Date of publication, distribution, etc. 1990
300 ## - PHYSICAL DESCRIPTION
Extent viii, 158p. : ill
350 ## - PRICE (NR) (BK AM CF MU VM SE) [OBSOLETE]
Price 0.00
995 ## - RECOMMENDATION 995 [LOCAL, UNIMARC FRANCE]
-- 0.00
-- CBU-MAIN LIBRARY (Kitwe)
-- 1
-- 95.00
-- WEEDED
-- Jul 26, 2017
-- Main Library Open Access Collection
Holdings
Withdrawn status Lost status Source of classification or shelving scheme Damaged status Not for loan Home library Current library Shelving location Date acquired Total Checkouts Full call number Barcode Date last seen Price effective from Koha item type
          CBU-MAIN LIBRARY, KITWE. CBU-MAIN LIBRARY, KITWE.   11/30/2022   TK 6570.M6 Con 015939 11/30/2022 11/30/2022 MONOGRAPH